Statistiques concernant Pays contenant à la fois un A et un O

Cliquez ici pour prendre le quiz!

Statistiques générales

  • Ce quiz a été pris 253 fois
    (167 depuis la dernière actualisation)
  • Le résultat moyen est 26 sur 43

Réponses sur la Carte

Les réponses sont colorées sur une échelle allant du rouge au vert en fonction du pourcentage des utilisateurs qui les ont devinées à leur premier essai. Vous pouvez retrouver ces pourcentages ci-dessous.
 

Statistiques - réponses

Afrique% Correct
Portugal
82%
Maroc
75%
Royaume-Uni
74%
Japon
73%
Nouvelle-Zélande
70%
Slovaquie
69%
Ouzbékistan
68%
Papouasie nouvelle guinée
68%
Angola
67%
Somalie
67%
Laos
66%
Costa Rica
65%
Andorre
64%
Monaco
64%
Oman
64%
Soudan
64%
Croatie
63%
Samoa
63%
Tonga
63%
Arabie Saoudite
62%
Honduras
62%
Moldavie
62%
République démocratique du congo
62%
soudan du sud
62%
Botswana
57%
Cambodge
57%
Cameroun
57%
Mozambique
57%
République dominicaine
57%
Burkina Faso
55%
Jordanie
55%
Palaos
55%
Ouganda
54%
Salomon
54%
Salvador
54%
Gabon
51%
Guinée équatoriale
50%
Bhoutan
48%
Sao Tomé et principé
46%
Trinité et Tobago
42%
Singapour
40%
Sierra Leone
39%
Timor Oriental
26%

Distribution des résultats

Percentile par nombre de réponses

% des personnes avec chaque résultat

Votre développement - résultats

Vous n’avez pas pris ce quiz depuis la dernière actualisation